01948 2200217 4500001002100000005001500021035002000036245017400056100002300230250000900253300007500262856005800337260007300395082002500468084003100493520110400524008003901628650002901667700001301696990002101709INLIS00000000000006020250702125600 a0010-02210000071 aSistem Proteksi Relay Over Frequency dan Under Frequency pada Busbar 20 KV Pusat Listrik Bilibili :bKuliah Kerja Praktik (KKP) /cTegar Fauzy Rifai (17OSP221); Muslimin1 aRIFAI, Tegar Fauzy a2020 axi, 50 halaman :btabel; gambar ;c20,5x29,5 cmebibliografi; lampiran aOPAC (Ruang Referensi - Rak Laporan Praktek OSP 2020) aMakassar :bPoliteknik ATI Makassar-Otomasi Sistem Permesinan,c2020 a(R)2020 LKKP-OSP 818 a(R)2020 LKKP-OSP 818 RIF s aPusat Listrik Tenaga Air adalah pembangkit tenaga Listrik yang mengubah energi potensial air menjadi energi listrik. Mesin penggerak yang digunakan adalah turbin air. Air yang merupakan bahan baku pusat listrik dapat diperoleh dari waduk secara langsung disalurkan untuk memutar turbin. Air ditampung pada sebuah reservoir. Air ini kemudian dibendung dan dialirkan melalui intake. Kemudian air dialirkan menuju penstock. Air kemudian dialirkan ke turbin melalui inlet volve dengan bantuan servo motor sebagai penggerak guide vane. Poros turbin dihubungkan dengan rotor generator melalui kopling, sehingga menghasilkan putaran dan menimbulkan induksi pada kumparan stator yang selanjutnya menghasilkan tegangan listrik 6,6 kV. Putaran turbin dipertahankan tetap konstan agar frekuensinya juga tetap konstan. Tegangan generator dari 6.6 kV dialirkan ke trafo utama untuk menaikkan tegangan menjadi 20 kV. Energi listrik dari generator ini diatur dan ditransfer oleh main transformer agar sesuai dengan kapasitas transmission line (tegangan, daya dan lain-lain) untuk dibagikan ke rumah-rumah pelanggan250702 | | |  4aLaporan Praktek OSP 20200 aMUSLIMIN a81/LKKP OSP 2020